| 000 | 01579cam a2200337 a 4500 | ||
|---|---|---|---|
| 999 |
_c58726 _d58726 |
||
| 001 | 2070649 | ||
| 005 | 20220708113423.0 | ||
| 008 | 941005r19951972gw a b 001 0 eng | ||
| 010 | _a 94039729 | ||
| 020 | _a3540586601 (acidfree) | ||
| 040 |
_aDLC _cDLC _dDLC |
||
| 050 | 0 | 0 |
_aQA612 _b.D65 1995 |
| 080 | _a515.1 D-70 | ||
| 082 | 0 | 0 | _220 |
| 100 | 1 |
_aDold, A. _q(Albrecht), _d1928- _914323 |
|
| 245 | 1 | 0 |
_aLectures on algebraic topology / _cAlbrecht Dold. |
| 260 |
_aBerlin : _bSpringer, _cc1995. |
||
| 300 |
_axi, 377 p. : _bill. ; _c24 cm. |
||
| 440 | 0 |
_aClassics in mathematics _914324 |
|
| 500 | _a"Reprint of the 1972 edition." | ||
| 500 | _aOriginally published: Berlin ; New York : Springer-Verlag, 1972. (Die Grundlehren der mathematischen Wissenschaften in Einzeldarstellungen mit besonderer Berücksichtigung der Anwendungsgebiete ; Bd. 200). | ||
| 504 | _aIncludes bibliographical references (p. [368]-370) and index. | ||
| 650 | 0 |
_aAlgebraic topology. _914325 |
|
| 650 | 0 |
_aლექციები ალგებრულ ტოპოლოგიაზე _914326 |
|
| 650 | 0 |
_aტოპოლოგია _914327 |
|
| 856 | 4 | 2 |
_3Contributor biographical information _uhttp://www.loc.gov/catdir/enhancements/fy0815/94039729-b.html |
| 856 | 4 | 2 |
_3Publisher description _uhttp://www.loc.gov/catdir/enhancements/fy0815/94039729-d.html |
| 906 |
_a7 _bcbc _corignew _d1 _eocip _f19 _gy-gencatlg |
||
| 942 |
_2udc _cBK |
||
| 955 | _apc18 to ja00 10-06-94; jd13 10-06-94; jd99 10-07-94;; jd85 10-07-94; aa19 10-12-94; bk recd jd00 03-21-95; CIP ver. jd99 03-22-95; | ||